000 01228nam a2200289 a 4500
001 000001987
003 DO-SdBNP
005 20250206132824.0
008 090630s2007 dr 000 0 spa d
020 _a9789945162059
040 _aDO-SdBNP
_bspa
_cBNPHU
082 _a791.43
_bV439m
100 1 _aVelleggia, Susana
_96447
245 1 3 _aLa máquina de la mirada :
_blos movimientos cinematográficos de ruptura y el cine político latinoamericano en las encrucijadas de la historia /
_cSusana Villeggia ; edición Yaíma García Oramas.
260 _aSanto Domingo :
_bFundación del nuevo cine Latinoamericano,
_c2007.
300 _a410 p. ;
_c24 cm.
500 _aIncluye referencias bibliográficas y notas al pie de las páginas
504 _aBibliografía : p.227-265
586 _aPremio de ensayo sobre cine Iberoamericano y el Caribe, 2007
650 4 _aCine
_zAmérica Látina
_96448
650 4 _aCine
_zAmérica Látina
_xAspectos políticos
_96449
650 4 _aCine
_zAmérica Látina
_xAspectos sociales
_96450
650 0 _aIndustria cinematográfica
_96451
700 1 _aGarcía Oramas, Yaíma,
_eed.
_96452
710 1 _aRepública Dominicana.
_bSecretaría de Estado de Cultura.
_96453
942 _2ddc
_cLBS1
999 _c1853
_d1853